000 00272nam a2200121Ia 4500
008 190216s9999||||xx |||||||||||||| ||und||
100 _aMathew M S
245 0 _aSubsidiary Physics
260 _bA M Publications
_c2008
300 _a240
650 _aPhysics
942 _cBK
999 _c34511
_d34511